000 nam a22 i 4500
999 _c24115
_d24115
003 WA 310
005 20211124121119.0
007 cr an nnnanaan
008 180613s2014 pl fou |000 0 eng d
040 _aWA 310/bw
_bpol
_erda
_cWA 310/bw
_dWA 310/bw
041 0 _aeng
245 0 0 _aPrzekaźniki pomiarowe i urządzenia zabezpieczeniowe - Część 26: Wymagania dotyczące kompatybilności elektromagnetycznej =
_bMeasuring relays and protection equipment - Part 26: Electromagnetic compatibility requirements PN-EN 60255-26:2014-01/AC:2014-06E /
_cPolski Komitet Normalizacyjny.
246 1 3 _aPN-EN 60255-26:2014-01/AC
246 1 3 _aICS 29.120.70 ; 33.100.01
246 1 3 _aPoprawka do Polskiej Normy
246 3 1 _aMeasuring relays and protection equipment - Part 26: Electromagnetic compatibility requirements
260 _aWarszawa :
_bPolski Komitet Normalizacyjny,
_ccopyright 2014.
300 _a3 strony ;
_c30 cm.
336 _aTekst
_btxt
_2rdacontent
337 _aKomputer
_bc
_2rdamedia
338 _aDokument online
_bcr
_2rdacarrier
500 _aTytuł z ekranu tytułowego.
500 _aWprowadza EN 60255-26:2013/AC:2013, IDT ; Zatwierdzona 2 czerwca 2014 r.
500 _aPoprawka do Normy Europejskiej EN 60255-26:2013/AC:2013 [...] ma status Poprawki do Polskiej Normy.
530 _aDostępne wyłącznie w formie elektronicznej.
538 _aTryb dostępu: online.
546 _aTekst w języku angielskim, strona tytułowa w języku polskim.
590 _6Status: aktualna.
710 1 _aPolska.
_bPolski Komitet Normalizacyjny.
_eInstytucja sprawcza
_eWydawca
_4pbl
_91107
942 _2ddc
_cBK